00250 a2200121 4500001000700000020001800007040001100025100003700036240002200073245001700095300000700112362000900119184737 a85-326-0150-2 cMagnum aD´assumpção, Gislaine Maria10aPingo de luzlpor10aPingo de luz a430 a1996